Les 12 apôtres de Jésus - Statistiques

Statistiques générales
  • Ce quiz a été pris 18 673 fois
  • Le résultat moyen est 6 sur 12
Statistiques - réponses
Apôtres % Correct
Jean
86%
Pierre (Simon)
86%
Judas Iscariote
74%
Thaddée (Jude)
73%
Matthieu
63%
Jacques, fils d'Alphée
54%
Jacques, fils de Zébédée
54%
Simon le Cananéen
44%
Thomas
39%
André
24%
Philippe
21%
Barthélémy
18%
Aucun quiz correspondant
Distribution des résultats
% des personnes avec chaque résultat
Percentile par nombre de réponses
Votre historique - résultats
Vous n’avez pas pris ce quiz